Možnosti zdokonaľovania vnútropodnikového manažmentu výroby diplomová práca

Guardado en:
Detalles Bibliográficos
Autor principal: Žaludová, Barbora
Autor Corporativo: Fakulta podnikového manažmentu EU. Katedra manažmentu výroby a logistiky - zrušená
Otros Autores: Rakovská, Júlia, 1972-
Formato: Libro
Lenguaje:eslovaco
Publicado: Bratislava 2018
Etiquetas: Agregar Etiqueta
Sin Etiquetas, Sea el primero en etiquetar este registro!

MARC

LEADER 00000nbm a2200000 4500
001 0244882
005 20181009131428.3
041 0 |a slo 
044 |a SK 
245 1 0 |a Možnosti zdokonaľovania vnútropodnikového manažmentu výroby  |b diplomová práca  |c Barbora Žaludová ; školiteľ: Júlia Rakovská 
264 1 |a Bratislava  |c 2018 
300 |a 66 s. 
100 1 |a Žaludová, Barbora 
700 1 |a Rakovská, Júlia, 1972- 
710 2 |a Fakulta podnikového manažmentu EU. Katedra manažmentu výroby a logistiky - zrušená